MEDICINAL PLANTS (Record no. 32986)

MARC details
000 -LEADER
fixed length control field 00301nam a22001457a 4500
003 - CONTROL NUMBER IDENTIFIER
control field SGT
020 ## - INTERNATIONAL STANDARD BOOK NUMBER
International Standard Book Number 818974755-X
082 ## - DEWEY DECIMAL CLASSIFICATION NUMBER
Classification number 615.3
Item number SHA
100 ## - MAIN ENTRY--PERSONAL NAME
Personal name SHARMA, DR. NIRMAL
245 ## - TITLE STATEMENT
Title MEDICINAL PLANTS
250 ## - EDITION STATEMENT
Edition statement 3RD
260 ## - PUBLICATION, DISTRIBUTION, ETC. (IMPRINT)
Place of publication, distribution, etc INDIA
Name of publisher, distributor, etc BIRLA PUB.
Year of Publication 2025
300 ## - PAGE DESCRIPTION
No. of Pages 114
942 ## - ADDED ENTRY ELEMENTS (KOHA)
Source of classification or shelving scheme Dewey Decimal Classification
Koha item type Books
Holdings
Withdrawn status Lost status Source of classification or shelving scheme Damaged status Not for loan Collection code Home library Current library Shelving location Date acquired Vendor Name Cost, normal purchase price SGTU Bill Number Full call number Accession No. (Barcode) Date last seen Bill Date Koha item type Total Checkouts
    Dewey Decimal Classification   Not For Loan SCIENCE SGT Science & Social Sciences Library SGT Science & Social Sciences Library Reference Book 29/10/2025 ABC 200.00 SGTU 21721 615.3 SHA DP1122 29/10/2025 17/09/2025 Books  
    Dewey Decimal Classification     SCIENCE SGT Science & Social Sciences Library SGT Science & Social Sciences Library Text Book 29/10/2025 ABC 200.00 SGTU 21721 615.3 SHA DP1123 29/10/2025 17/09/2025 Books  
    Dewey Decimal Classification     SCIENCE SGT Science & Social Sciences Library SGT Science & Social Sciences Library Text Book 29/10/2025 ABC 200.00 SGTU 21721 615.3 SHA DP1124 29/10/2025 17/09/2025 Books  
    Dewey Decimal Classification     SCIENCE SGT Science & Social Sciences Library SGT Science & Social Sciences Library Text Book 29/10/2025 ABC 200.00 SGTU 21721 615.3 SHA DP1125 29/10/2025 17/09/2025 Books